[Event "AUTO-OPEN-4638"]
[Site "http://www.queenalice.com/game.php?id=1873098"]
[Date "2026.5.8"]
[Round "2"]
[White "rockaudrey"]
[Black "Shizumaru_Hisame"]
[Result "0-1"]
[WhiteElo "2258"]
[BlackElo "2040"]

1. e4 d5 2. Nf3 dxe4 3. Ng5 Nf6 4. d3 Bg4 5. Qd2 Nc6 6. Nxe4 e5 7. Nbc3 Bb4 8.
Be2 Nxe4 9. dxe4 Bxc3 10. bxc3 Qxd2+ 11. Bxd2 Bxe2 12. Kxe2 O-O-O 13. a4 Na5 14.
Rhb1 a6 15. Rb4 c6 16. Be3 c5 17. Rbb1 Nc4 18. Bxc5 Rd2+ 19. Ke1 Rxc2 20. Bb4 a5
21. Bc5 Rxc3 22. Rc1 Rxc1+ 23. Rxc1 Nb2 24. Ba3+ Kb8 25. Bxb2 f6 26. Ba3 Rd8 27.
Rd1 Rc8 28. Rd7 Rg8 0-1

[Event "AUTO-OPEN-4638"]
[Site "http://www.queenalice.com/game.php?id=1873099"]
[Date "2026.5.8"]
[Round "2"]
[White "Shizumaru_Hisame"]
[Black "rockaudrey"]
[Result "1-0"]
[WhiteElo "2013"]
[BlackElo "2278"]

1. d4 d5 2. Bd2 Nf6 3. Bb4 Nc6 4. Ba3 a6 5. Nc3 b5 6. Bc5 b4 7. Nb1 Ne4 8. f4
Nxc5 9. dxc5 e6 10. Nf3 Bxc5 11. Nbd2 O-O 12. Nb3 Bb6 13. Qd2 a5 14. O-O-O a4
15. Nbd4 Nxd4 16. Nxd4 c5 17. Nf3 b3 18. a3 c4 19. cxb3 cxb3 20. g4 Bb7 21. h4
d4 22. Nxd4 Bxh1 23. Qb4 Rc8+ 24. Kb1 Be4+ 25. Ka1 Bxd4 26. Qxa4 Bxb2+ 27. Kxb2
Qxd1 28. Qxe4 Rc2+ 29. Kxb3 1-0

[Event "AUTO-OPEN-4638"]
[Site "http://www.queenalice.com/game.php?id=1873112"]
[Date "2026.5.8"]
[Round "2"]
[White "Shizumaru_Hisame"]
[Black "josebaron"]
[Result "1/2-1/2"]
[WhiteElo "2040"]
[BlackElo "2210"]

1. d4 d5 2. Bd2 Nf6 3. Bb4 Nc6 4. Ba3 e6 5. Bxf8 Rxf8 6. e3 Bd7 7. Be2 h5 8.
Bxh5 Nxh5 9. Qxh5 g6 10. Qe2 Qg5 11. g3 O-O-O 12. Nd2 Nb4 13. O-O-O Nxa2+ 14.
Kb1 Nb4 15. h4 Qf5 16. e4 Qf6 17. e5 Qe7 18. Kc1 a6 19. c3 Nc6 20. g4 Rh8 21. h5
gxh5 22. gxh5 f6 23. f4 f5 24. Ngf3 Be8 25. h6 Qf8 26. h7 Bg6 27. Ng5 Qe7 28.
Rh6 Qe8 29. Qh2 Rd7 30. Rg1 Rg7 31. Rg3 Nd8 32. Ndf3 Nf7 33. Nxf7 Qxf7 34. Ng5
Qe8 35. Rgh3 b6 36. b3 a5 37. Qa2 Qb5 1/2-1/2

[Event "AUTO-OPEN-4638"]
[Site "http://www.queenalice.com/game.php?id=1873113"]
[Date "2026.5.8"]
[Round "2"]
[White "josebaron"]
[Black "Shizumaru_Hisame"]
[Result "1-0"]
[WhiteElo "2198"]
[BlackElo "2040"]

1. e4 d5 2. exd5 Qxd5 3. d4 e5 4. Nf3 Nc6 5. Nc3 Bb4 6. Bd2 Bxc3 7. Bxc3 e4 8.
Ne5 Nxe5 9. dxe5 Qxd1+ 10. Rxd1 Bd7 11. Bc4 Nh6 12. e6 Bxe6 13. Bxe6 O-O 14. Bd5
Rad8 15. O-O e3 16. fxe3 b6 17. e4 Ng4 18. Rd3 Rd6 19. Rg3 Rg6 20. h3 Nf6 21.
Rxg6 hxg6 22. Bxf6 gxf6 23. Rxf6 Kg7 24. Rc6 Rc8 25. a4 a5 26. c4 1-0